[Event "MGL-ch 56th"]
[Site "Uliastai"]
[Date "2016.02.22"]
[Round "9"]
[White "Battulga, Namkhai"]
[Black "Gunbayar, Myagmarsuren"]
[Result "1-0"]
[WhiteElo "2406"]
[BlackElo "2266"]
[PlyCount "67"]
[EventDate "2016.02.16"]
[EventType "tourn"]
[EventRounds "11"]
[EventCountry "MGL"]
[EventCategory "4"]
[SourceTitle "CBM 171 Extra"]
[Source "ChessBase"]
[SourceDate "2016.04.26"]
[SourceVersion "1"]
[SourceVersionDate "2016.04.26"]
[SourceQuality "1"]

1. e4 e5 2. Nf3 Nf6 3. Nxe5 d6 4. Nf3 Nxe4 5. d4 d5 6. Bd3 Bd6 7. 0-0 0-0 8. c4 c6 9. Re1 Re8 10. Qc2 Bf5 11. Nc3 Bb4 12. Bf4 Nd7 13. h3 Bg6 14. Re3 Qa5 15. Bxe4 dxe4 16. Nh4 Nf8 17. Ne2 f5 18. c5 Kh8 19. a3 Qa6 20. Bd6 Ne6 21. Rg3 Ba5 22. Nxg6+ hxg6 23. Rxg6 Qd3 24. Qd1 Bd2 25. Rg3 e3 26. Rxe3 Qxe3 27. fxe3 Bxe3+ 28. Kh1 Rad8 29. b4 Rd7 30. Qd3 Ng5 31. Rf1 g6 32. d5 cxd5 33. Qxd5 Ne4 34. Be5+ 1-0